000 00985nam a2200205 4500
001 174546
003 ES-MaACL
005 20250709063226.0
008 100505s1756 sp p |||| | spa d
080 _a27(460.253)"04/12"
100 1 _aFlórez, Enrique,
_d1702-1773
_9142679
240 1 0 _aEspaña sagrada
245 1 0 _aEspaña sagrada.
_nTomo XIII,
_pLa lusitania antigua en común, y de su metropoli Merida en particular
_b: theatro geographico historico de la Iglesia de España : origen, divisiones, y limites de todas sus Provincias, Antiguedad, Traslaciones, y estado antiguo y presente de sus Sillas, con varias Disertaciones criticas /
_cpor Henrique Florez.
260 _aMadrid :
_ben la oficina de Antonio Marin,
_c1756.
300 _a[20], 499 p., [1] en bl., [2] h. de lám. pleg. ;
_c20 cm.
500 _aP. 453 rota.
651 4 _aBadajoz-
_xHistoria eclesiastica.
_9142704
852 4 _aES-MaACL
_jR-1617-69
_x C-16767-818
999 _c174546
_d174546